000 00704nam a2200253Ia 4500
003 OSt
005 20220918164030.0
006 a|||||r|||| 00| 0
007 ta
008 220917b |||||||| |||| 00| 0 eng d
020 _a041506726X (hbk)
024 _a21,138
037 _cTextual
040 _aARTS
_cARTS
_beng
041 _2eng
_aeng
082 _aV0aY, N2
100 _aFowler Peter. J
_916784
245 0 _aPast in contemporary society
_b then , now Peter. J Fowler
260 _aLondon
_bRoutledge
_c1992
300 _axvii,152p.
_ccm.
500 _aBibliography 177-83p; Includes index
942 _hV0aY, N2
_cTEXL
_2CC
999 _c122778
_d122778